| 000 | 00688nam a22002297a 4500 | ||
|---|---|---|---|
| 001 | BR9104168 | ||
| 003 | BR-BrBNA | ||
| 005 | 20230928093638.0 | ||
| 007 | ta | ||
| 008 | 230509b bl.||||| |||| 00| 0 por d | ||
| 040 |
_aBR-BrBNA _bpor _cBiblioteca Nacional de Agricultura |
||
| 041 | _a(Por) | ||
| 072 | _aE11 | ||
| 090 | _ E11 BR9104168 | ||
| 110 | 1 | _aMinisterio da Agricultura e Reforma Agraria, Brasilia, DF (Brasil) | |
| 245 | 1 | _aPrograma pecuaria; bom negocio para quem tem terra, bom negocio para quem quer trabalhar a terra | |
| 260 | 3 |
_aBrasilia, DF (Brasil): _c1991. |
|
| 300 | _a22 p. | ||
| 650 | _aARRENDAMENTO | ||
| 909 |
_a202309 _bLucia _c55 _dLucia Elande |
||
| 942 | _cBK | ||
| 999 |
_c46224 _d46224 |
||